000 00554nam a22001697a 4500
003 SGT
020 _a9788132709276
082 _a658.3,MUL
100 _aMULLINS, LAURIE J.
245 _aMANAGEMENT AND ORGANISATIONAL BEHAVIOR
250 _a7TH
260 _aNEW DELHI
_bPERSON
_c2007
300 _a1095
650 _aMANAGEMENT
653 _aMANAGEMENT AND ORGANISATIONAL BEHAVIOR THE ORGANISATIONAL SETTING THE ROLE OF THE MANAGER, THE INDIVIDUAL GROUPS AND TEAMWORK,ORGANISATIONAL STRUCTURES, MANAGEMENT OF HUMAN RESOURCES
942 _2ddc
_cFCM
_03
999 _c9101
_d9101